| 000 | 01538cam a2200337 a 4500 | ||
|---|---|---|---|
| 001 | 15668681 | ||
| 005 | 20100202151210.0 | ||
| 008 | 090320s2010 enk b 001 0 eng | ||
| 010 | _a 2009011811 | ||
| 020 | _a9780415804066 (alk. paper) | ||
| 020 | _a041580406X (alk. paper) | ||
| 020 | _a9780415804059 (pbk. : alk. paper) | ||
| 020 | _a0415804051 (pbk. : alk. paper) | ||
| 020 | _a9780203874516 (ebook) | ||
| 020 | _a020387451X (ebook) | ||
| 040 |
_aDLC _cDLC |
||
| 043 | _an-us--- | ||
| 050 | 0 | 0 |
_aUA23 _b.R443 2010 |
| 082 | 0 | 0 |
_a355.033073 _222 _bREN |
| 100 | 1 |
_aRenshon, Stanley Allen. _912729 |
|
| 245 | 1 | 0 |
_aNational Security in the Obama Administration : _bReassessing the Bush Doctrine / _cStanley A. Renshon. |
| 260 |
_aNew York ; _aLondon : _bRoutledge, _cc2010. |
||
| 300 |
_axv, 291 p. ; _c24 cm. |
||
| 504 | _aIncludes bibliographical references and index. | ||
| 650 | 0 |
_aNational security _zUnited States. _912730 |
|
| 651 | 0 |
_aUnited States _xMilitary policy. _912731 |
|
| 651 | 0 |
_aUnited States _xForeign relations _y2009- _912732 |
|
| 942 |
_2ddc _cBB |
||
| 999 |
_c13690 _d13690 |
||